[Event "AUTO-OPEN-1342"]
[Site "http://www.queenalice.com/game.php?id=581996"]
[Date "2009.5.3"]
[Round "2"]
[White "vishnu"]
[Black "Tourniquet"]
[Result "0-1"]
[WhiteElo "1808"]
[BlackElo "1806"]

1. e4 e5 2. Nf3 Nc6 3. Bc4 Bc5 4. O-O Nf6 5. d4 Bxd4 6. Nxd4 Nxd4 7. f4 d6 8.
fxe5 dxe5 9. Bg5 O-O 10. Bxf6 gxf6 11. c3 Nc6 12. Qf3 Kg7 13. Qh5 Be6 14. Be2
Ne7 15. Qh4 Ng6 16. Qg3 c6 17. Na3 Qb6+ 18. Qf2 Qxb2 19. Nc4 Qc2 20. Qxf6+ Kg8
21. Bh5 Qxe4 22. Nd6 Qe3+ 23. Rf2 b5 0-1

[Event "AUTO-OPEN-1342"]
[Site "http://www.queenalice.com/game.php?id=581997"]
[Date "2009.5.3"]
[Round "2"]
[White "Tourniquet"]
[Black "vishnu"]
[Result "1-0"]
[WhiteElo "1789"]
[BlackElo "1825"]

1. e4 e5 2. Nf3 Nc6 3. Bb5 a6 4. Bxc6 bxc6 5. O-O d5 6. d3 Bd6 7. b3 Bg4 8. Nbd2
Nf6 9. Re1 O-O 10. Bb2 Re8 11. h3 Bh5 12. c3 h6 13. Qc2 a5 14. Nh4 Nxe4 15. dxe4
Qxh4 16. c4 d4 17. c5 Be7 18. Nc4 Bxc5 19. Qd2 Bb4 20. Qc1 Bxe1 21. Qxe1 a4 22.
b4 1-0

[Event "Challenge"]
[Site "http://www.queenalice.com/game.php?id=587412"]
[Date "2009.5.12"]
[Round "-"]
[White "Tourniquet"]
[Black "Torfi"]
[Result "0-1"]
[WhiteElo "1827"]
[BlackElo "1931"]

1. e4 e5 2. Nc3 Nf6 3. g3 Bc5 4. Bg2 d6 5. Nf3 Nc6 6. d3 a6 7. O-O Ng4 8. a3 Be6
9. Nd5 Nf6 10. Bg5 Bxd5 11. exd5 Nd4 12. c3 Nf5 13. b4 Bb6 14. d4 exd4 15. Nxd4
Nxd4 16. cxd4 O-O 17. Re1 Re8 18. Rxe8+ Qxe8 19. Bxf6 gxf6 20. Qg4+ Kh8 21. Qh4
Qg8 22. Qxf6+ Qg7 23. Qxg7+ Kxg7 24. Rd1 a5 25. b5 a4 26. Rd3 Ra5 27. f4 Rxb5
28. Kf2 Rb2+ 29. Kf3 Rb3 30. Ke4 f5+ 31. Ke3 h5 32. h4 Kf6 33. Bf3 Kg6 34. Bd1
Rb5 35. Bxa4 Rxd5 36. Be8+ Kh6 37. Bf7 Ra5 38. Bc4 c5 39. d5 Ra4 40. Rc3 Ba5 41.
Bb5 Re4+ 42. Kd3 Bxc3 43. Kxc3 Re3+ 44. Kd2 Rxa3 45. Bd7 Rxg3 46. Bxf5 Rf3 47.
Be6 Rxf4 0-1

[Event "Novo Desafio"]
[Site "http://www.queenalice.com/game.php?id=588479"]
[Date "2009.5.14"]
[Round "-"]
[White "Luke1416"]
[Black "Tourniquet"]
[Result "1-0"]
[WhiteElo "1514"]
[BlackElo "1784"]

1. e4 e5 2. Nf3 Nc6 3. a3 Nf6 4. d3 Be7 5. Bg5 O-O 6. Bxf6 Bxf6 7. Be2 d5 8. c3
Be6 9. O-O dxe4 10. dxe4 Na5 11. Nbd2 Bg5 12. Nxg5 Qxg5 13. Nf3 Qf4 14. b4 Nc6
15. Rb1 Qh6 16. Qd2 Qg6 17. g3 Bh3 18. Rfc1 Qxe4 19. b5 Ne7 20. Rb4 Qf5 21. Qg5
Nd5 22. Qxf5 Bxf5 23. Rb2 e4 24. Nd4 Bg6 25. c4 Nb6 26. Bd1 Rad8 27. c5 Rxd4 28.
cxb6 cxb6 29. Bc2 Rc8 30. Rd1 Rxd1+ 31. Bxd1 Rc1 32. Rd2 h5 33. Rd8+ Kh7 34. Kg2
a6 35. bxa6 bxa6 36. Bb3 Ra1 37. a4 b5 38. axb5 axb5 39. Re8 Ra3 40. Bd5 b4 41.
Rb8 Ra5 42. Bc4 Ra4 43. Re8 f5 44. Rb8 Kh6 45. Rb5 Be8 46. Rb6+ Kg5 47. h4+ 1-0

[Event "Challenge"]
[Site "http://www.queenalice.com/game.php?id=596474"]
[Date "2009.6.1"]
[Round "-"]
[White "Mike36bh"]
[Black "Tourniquet"]
[Result "1-0"]
[WhiteElo "1840"]
[BlackElo "1815"]

1. d4 d5 2. Nc3 e6 3. a3 Nf6 4. Bf4 Bd6 5. Bg5 O-O 6. Nf3 h6 7. Bxf6 Qxf6 8. e4
Qe7 9. e5 Bc5 10. dxc5 Qxc5 11. Be2 Nc6 12. O-O d4 13. Ne4 Qd5 14. Bd3 Nxe5 15.
Nxe5 Qxe5 16. Re1 Qa5 17. Qg4 f5 18. Qg6 fxe4 19. Bxe4 Rf6 20. Qh7+ Kf7 21. Red1
Qc5 22. c3 dxc3 23. bxc3 Qxf2+ 24. Kh1 Qh4 25. Bxb7 Bxb7 26. Rd7+ Ke8 27. Qxg7
Rf8 28. Rxc7 Ba6 29. Qd7# 1-0

[Event "Challenge"]
[Site "http://www.queenalice.com/game.php?id=597347"]
[Date "2009.6.2"]
[Round "-"]
[White "knight401"]
[Black "Tourniquet"]
[Result "0-1"]
[WhiteElo "1558"]
[BlackElo "1822"]

1. e4 e5 2. Nf3 Nc6 3. Be2 Nf6 4. d3 Be7 5. O-O d5 6. Nbd2 O-O 7. h3 Bd7 8. Re1
b6 9. c3 Na5 10. Qc2 c5 11. Nf1 Bb5 12. Nxe5 dxe4 13. dxe4 Bxe2 14. Rxe2 Qc7 15.
Nf3 Rad8 16. Bg5 Rfe8 17. e5 Nd5 18. Rd1 Bxg5 19. Nxg5 g6 20. Ne4 Qxe5 21. Nh2
Kg7 22. Ng4 Qf5 23. Ng3 Qxc2 24. Rxc2 Nc6 25. h4 f5 26. Nh2 Nf4 27. Rxd8 Rxd8
28. Ne2 Rd1+ 29. Nf1 Na5 30. Nxf4 Nc4 31. Kh2 Rxf1 0-1

[Event "Challenge"]
[Site "http://www.queenalice.com/game.php?id=597381"]
[Date "2009.6.2"]
[Round "-"]
[White "Saintsalles"]
[Black "Tourniquet"]
[Result "1-0"]
[WhiteElo "1700"]
[BlackElo "1803"]

1. e4 e5 2. Bc4 Nf6 3. d3 Nc6 4. a3 g6 5. Bg5 Bg7 6. Nc3 d6 7. Nd5 Ne7 8. Bxf6
Bxf6 9. Nxf6+ Kf8 10. Qf3 Ng8 11. Nxg8 1-0

[Event "Challenge"]
[Site "http://www.queenalice.com/game.php?id=599404"]
[Date "2009.6.6"]
[Round "-"]
[White "Tourniquet"]
[Black "knight401"]
[Result "1-0"]
[WhiteElo "1800"]
[BlackElo "1486"]

1. e4 e5 2. Nf3 Nc6 3. Nc3 a6 4. g3 Nf6 5. Bg2 d6 6. O-O Be7 7. d3 O-O 8. Bd2
Bg4 9. Re1 h6 10. Ne2 Nh7 11. c4 h5 12. Qb3 Rb8 13. h3 Be6 14. Be3 h4 15. g4 g6
16. d4 exd4 17. Nfxd4 Nxd4 18. Nxd4 Bd7 19. Qc3 f5 20. Bh6 Rf7 21. exf5 gxf5 22.
Bd5 1-0

[Event "AUTO-OPEN-1342"]
[Site "http://www.queenalice.com/game.php?id=599414"]
[Date "2009.6.6"]
[Round "3"]
[White "Dom81"]
[Black "Tourniquet"]
[Result "1-0"]
[WhiteElo "2310"]
[BlackElo "1764"]

1. d4 Nf6 2. c4 d6 3. Nc3 Nbd7 4. Nf3 c6 5. e4 e5 6. Be2 exd4 7. Nxd4 Be7 8. Nf5
O-O 9. Nxd6 Bxd6 10. Qxd6 Nb6 11. Qg3 Kh8 12. Bf4 Qe8 13. Bd6 Rg8 14. e5 Bf5 15.
exf6 gxf6 16. Qf4 Bd3 17. Qxf6+ Rg7 18. Be5 Qg8 19. Bxd3 1-0

[Event "AUTO-OPEN-1342"]
[Site "http://www.queenalice.com/game.php?id=599415"]
[Date "2009.6.6"]
[Round "3"]
[White "Tourniquet"]
[Black "Dom81"]
[Result "0-1"]
[WhiteElo "1762"]
[BlackElo "2311"]

1. e4 e6 2. d3 d5 3. Nd2 Nc6 4. Ngf3 Nf6 5. Be2 Bd6 6. c3 O-O 7. O-O h6 8. a3 a5
9. Re1 Re8 10. a4 Rb8 11. b4 axb4 12. c4 dxe4 13. dxe4 e5 14. Nb3 Nxe4 15. Qc2
Nd4 16. Nbxd4 exd4 17. Nxd4 Bxh2+ 18. Kxh2 Qh4+ 0-1

[Event "Challenge"]
[Site "http://www.queenalice.com/game.php?id=602930"]
[Date "2009.6.14"]
[Round "-"]
[White "Torfi"]
[Black "Tourniquet"]
[Result "1-0"]
[WhiteElo "1983"]
[BlackElo "1760"]

1. e4 b6 2. d4 e6 3. Bd3 Bb7 4. Nf3 c5 5. c3 cxd4 6. cxd4 Bb4+ 7. Bd2 Nc6 8. O-O
Nge7 9. Nc3 O-O 10. a3 Bd6 11. Qc2 Bc7 12. Be3 Ng6 13. Nb5 d5 14. Nxc7 Qxc7 15.
e5 Rac8 16. b4 Nce7 17. Qxc7 Rxc7 18. Rac1 1-0

[Event "Challenge"]
[Site "http://www.queenalice.com/game.php?id=605558"]
[Date "2009.6.18"]
[Round "-"]
[White "Tourniquet"]
[Black "Mike36bh"]
[Result "0-1"]
[WhiteElo "1783"]
[BlackElo "1843"]

1. e4 e5 2. Nf3 d6 3. Bc4 h6 4. O-O Nf6 5. Nc3 a6 6. Re1 Nc6 7. b3 g5 8. Bb2 g4
9. Nh4 h5 10. Nf5 Bxf5 11. exf5 h4 12. Bd5 Qd7 13. h3 gxh3 14. Qf3 hxg2 15. Qxg2
Rg8 0-1

[Event "Challenge"]
[Site "http://www.queenalice.com/game.php?id=606374"]
[Date "2009.6.20"]
[Round "-"]
[White "Constantino"]
[Black "Tourniquet"]
[Result "0-1"]
[WhiteElo "1488"]
[BlackElo "1769"]

1. d4 d5 2. f4 Nf6 3. Nc3 Nc6 4. Nf3 Bg4 5. h3 Bxf3 6. exf3 e6 7. g4 Bd6 8. Bd3
Nd7 9. f5 Qh4+ 10. Ke2 exf5 11. Bxf5 Nxd4+ 12. Kd3 Nxf5 13. Qe1+ Qxe1 14. Rxe1+
Ne7 15. Bg5 f6 16. Bh4 O-O-O 17. Kd4 g5 18. Bf2 Ng6 19. Nxd5 Bc5+ 20. Kc4 Bxf2
21. Re4 Nge5+ 22. Kb5 c6+ 23. Ka5 cxd5 24. Rb4 Nxf3 25. Rf1 Bb6+ 26. Kb5 Nd4+
27. Ka4 Nc5+ 28. Ka3 Nxc2# 0-1

[Event "Challenge"]
[Site "http://www.queenalice.com/game.php?id=617374"]
[Date "2009.7.12"]
[Round "-"]
[White "donnybaby"]
[Black "Tourniquet"]
[Result "1-0"]
[WhiteElo "1924"]
[BlackElo "1774"]

1. e3 e5 2. c3 Nc6 3. b4 a6 4. Ne2 Nf6 5. d3 d5 6. Qa4 Bd7 7. Qc2 Bd6 8. d4 O-O
9. Nd2 Ne7 10. dxe5 Bxe5 11. f4 Bd6 12. h3 Nf5 13. Nf3 Re8 14. Qd3 Bb5 15. Qxf5
1-0

[Event "Revanche"]
[Site "http://www.queenalice.com/game.php?id=702041"]
[Date "2009.12.22"]
[Round "-"]
[White "Luke1416"]
[Black "Tourniquet"]
[Result "1-0"]
[WhiteElo "1675"]
[BlackElo "1715"]

1. e4 e5 2. Nf3 Nc6 3. a3 Nf6 4. d3 d5 5. exd5 Nxd5 6. h3 Bd6 7. Be2 O-O 8. b4
Re8 9. c4 Nf4 10. Bxf4 exf4 11. b5 Ne5 12. Nxe5 Bxe5 13. Ra2 c6 14. a4 1-0

[Event "Challenge"]
[Site "http://www.queenalice.com/game.php?id=703696"]
[Date "2009.12.26"]
[Round "-"]
[White "Tourniquet"]
[Black "thedead"]
[Result "1-0"]
[WhiteElo "1757"]
[BlackElo "1430"]

1. d4 d5 2. Nf3 e6 3. Nc3 h6 4. e3 Nf6 5. Bd3 c5 6. O-O Nc6 7. b3 Be7 8. Ba3
cxd4 9. Bxe7 Qxe7 10. Nxd4 Bd7 11. Re1 O-O 12. Ncb5 a6 13. Nc3 Qc5 14. Nde2 1-0

[Event "Novo Desafio"]
[Site "http://www.queenalice.com/game.php?id=731033"]
[Date "2010.2.12"]
[Round "-"]
[White "Luke1416"]
[Black "Tourniquet"]
[Result "1-0"]
[WhiteElo "1704"]
[BlackElo "1671"]

1. e4 e5 2. Nf3 Nc6 3. a3 Nf6 4. d3 Be7 5. Bg5 d5 6. exd5 Nxd5 7. Bxe7 Qxe7 8.
c4 Nf6 9. h3 O-O 10. b4 Be6 11. b5 Nd4 12. Nxd4 exd4 13. Be2 Rfe8 14. Nd2 Rad8
15. Nf3 1-0

[Event "Let's Play Chess!"]
[Site "http://www.queenalice.com/game.php?id=733050"]
[Date "2010.2.17"]
[Round "-"]
[White "AlmeidaChess"]
[Black "Tourniquet"]
[Result "1-0"]
[WhiteElo "1761"]
[BlackElo "1656"]

1. e4 e5 2. Nf3 Nc6 3. Bb5 Nf6 4. O-O d5 5. exd5 Nxd5 6. Nxe5 Qg5 7. Nxc6 Bh3 8.
Qf3 Nf4 9. Qe4+ Be6 10. Nd4+ c6 11. Nxc6 bxc6 12. Bxc6+ Ke7 13. Bxa8 f5 14. Qf3
Kf6 15. d4 Bd6 16. Bxf4 Bxf4 17. Bd5 Bd7 18. g3 1-0